000 00322nam a22001337a 4500
020 _a978-81-318-0843-6
082 _a510
_bGUP/M
100 _aPARMANAND GUPTA
245 _aCOMPREHENSIVE MATHEMATICS
_bCLASS XII
260 _aDELHI
_bLAXMI PUBLICATIONS
300 _a1463
650 _aMATHS FOR CLASS XII
_zINDIA
942 _cBK
999 _c635
_d635